Revolución en la lingüística /

Introducción al estudio de la historia de la lingüística, que presenta una entrevista con el célebre lingüista estadounidense Noam Chomsky, creador de la gramática generativa, misma que se basa en el uso de procedimientos formales para la descripción exacta de las lenguas naturales.

Gespeichert in:
Bibliographische Detailangaben
1. Verfasser: Blecua, José Manuel (autor)
Weitere Verfasser: Chomsky, Noam (autor) (autor), Salvat, Manuel (dirección) (dirección), Marco, Joaquín (dirección editorial) (dirección editorial)
Format: Buch
Sprache:Spanisch
Veröffentlicht: Barcelona, España : Salvat, 1973, c1973
Schriftenreihe:(Biblioteca Salvat de Grandes Temas ; 87)
Schlagworte:
Tags: Tag hinzufügen
Keine Tags, Fügen Sie das erste Tag hinzu!

MARC

LEADER 00000nam^a2200000^a^4500
001 000152200
005 20250521000000.0
009 20260310100238.129
020 |a 84-345-7445-4 
037 |a Acervo ITESO - Biblioteca 
041 |a ESP 
082 |a 086. 1  |b SAL V. 87 
100 |a Blecua, José Manuel  |e (autor) 
240 1 1 |a [Biblioteca Salvat de grandes temas] 
245 1 0 |a Revolución en la lingüística /  |c J.M. Blecua, N. Chomsky ; entrevista de M.J. Ragué Arias ; dir. de M. Salvat ; dir. editorial de J. Marco. 
264 4 |a Barcelona, España :  |b Salvat,  |c 1973, c1973 
300 |a 141 p. 
336 |a texto  |b txt  |2 rdacontenido 
337 |a sin mediación  |b n  |2 rdamedio 
338 |a volumen  |b nc  |2 rdasoporte 
440 1 |a (Biblioteca Salvat de Grandes Temas ;  |v 87) 
520 |a Introducción al estudio de la historia de la lingüística, que presenta una entrevista con el célebre lingüista estadounidense Noam Chomsky, creador de la gramática generativa, misma que se basa en el uso de procedimientos formales para la descripción exacta de las lenguas naturales. 
649 |a XX 
650 |a Lingüistas y Semiólogos Norteamericanos -  |x Entrevistas 
650 |a Lingüística Generativa y Transformativa 
650 |a Lingüística -  |x Historia -  |x Tema Principal 
650 |a Chomsky, Noam 
700 |a Chomsky, Noam  |e (autor) 
700 |a Salvat, Manuel  |e (dirección) 
700 |a Marco, Joaquín  |e (dirección editorial) 
910 |a Fondo General 
920 |a Impresos - Libros 
930 |a Obras de Referencia 
905 |a 102 
901 |a 0500045727  |b IT2  |c REF  |u 20250521 
901 |a 0500045800  |b IT2  |c REF  |u 20250521 
901 |a 0500045801  |b IT2  |c REF  |u 20250521 
902 |a https://opac.biblio.iteso.mx/vufind/Record/000152200